000 01506 a2200253 4500
003 Nust
005 20230213140902.0
010 _a 2011002064
020 _a9780231702447 (cloth : alk. paper)
020 _a9780231800129 (e-book)
040 _cNust
082 0 0 _a954.91053,PAK
245 0 0 _aPakistan :
_bbeyond the "crisis state" /
_cMaleeha Lodhi, editor.
260 _aNew York :
_bColumbia University Press,
_cc2011.
300 _ap. cm.
505 0 _aIntroduction (Page-1), The past as present (Page-7), Why Jinnah matters (Page-21), Why Pakistan will Survive (Page-35), Beyond the crisis state (Page-45), Army and politics (Page-79), Praetorians and the people (Page-95) Ideologically adrift (Page-113), Battling militancy (Page-131), Retooling institutions (Page-149), An economic crisis state (Page-169), Boosting competitiveness (Page-201) Turning energy around (Page-231), Education as a strategic imperative (Page-251), Pakistan as a nuclear state (Page-267), Reversing strategic "shrinkage" (Page-283), The Afghan conundrum (Page-305), The India factor (Page-319), Concluding note (Page-349).
651 0 _aPakistan
_xEconomic conditions
_y21st century.
_912758
651 0 _aPakistan
_xForeign relations
_y21st century.
_983839
651 0 _aPakistan
_xPolitics and government
_y21st century.
_91623
651 0 _aPakistan
_xSocial conditions
_y21st century.
_93727
651 0 _aPakistan
_xStrategic aspects.
_92023
700 1 _aLodhi, Maleeha.
_917358
942 _2ddc
_cBK
_k954.91053,PAK
999 _c188904
_d188904